Marketing metrics : (Record no. 654)

000 -LEADER
fixed length control field 01879nam a22004577a 4500
001 - CONTROL NUMBER
control field 14164250
003 - CONTROL NUMBER IDENTIFIER
control field OSt
005 - DATE AND TIME OF LATEST TRANSACTION
control field 20210421063659.0
008 - FIXED-LENGTH DATA ELEMENTS--GENERAL INFORMATION
fixed length control field 051102s2006 njua b 001 0 eng
010 ## - LIBRARY OF CONGRESS CONTROL NUMBER
LC control number 2005031114
015 ## - NATIONAL BIBLIOGRAPHY NUMBER
National bibliography number GBA620821
Source bnb
016 7# - NATIONAL BIBLIOGRAPHIC AGENCY CONTROL NUMBER
Record control number 013397064
Source Uk
020 ## - INTERNATIONAL STANDARD BOOK NUMBER
International Standard Book Number 0131873709 (hardback : alk. paper)
020 ## - INTERNATIONAL STANDARD BOOK NUMBER
International Standard Book Number 9780131873704
035 ## - SYSTEM CONTROL NUMBER
System control number (OCoLC)ocm62281450
040 ## - CATALOGING SOURCE
Original cataloging agency eng
Transcribing agency DLC
Modifying agency UKM
-- BAKER
-- C#P
-- GHG
-- PUL
-- DLC
041 ## - LANGUAGE CODE
Language code of text/sound track or separate title eng
042 ## - AUTHENTICATION CODE
Authentication code pcc
050 00 - LIBRARY OF CONGRESS CALL NUMBER
Classification number HF5415.2
Item number .M35543 2006
080 ## - UNIVERSAL DECIMAL CLASSIFICATION NUMBER
Universal Decimal Classification number 65
Item number M-29
082 00 - DEWEY DECIMAL CLASSIFICATION NUMBER
Classification number 658.8/3
Edition number 22
245 00 - TITLE STATEMENT
Title Marketing metrics :
Remainder of title 50+ metrics every executive should master /
Statement of responsibility, etc. Paul W. Farris ... [et al.].
260 ## - PUBLICATION, DISTRIBUTION, ETC.
Place of publication, distribution, etc. Upper Saddle River, N.J. :
Name of publisher, distributor, etc. Wharton School Pub.,
Date of publication, distribution, etc. c2006.
300 ## - PHYSICAL DESCRIPTION
Extent xvi, 359 p. :
Other physical details ill. ;
Dimensions 25 cm.
365 ## - TRADE PRICE
Price amount 39.99 usd
504 ## - BIBLIOGRAPHY, ETC. NOTE
Bibliography, etc. note Includes bibliographical references (p. 335-337) and index.
505 0# - FORMATTED CONTENTS NOTE
Formatted contents note Introduction -- Share of hearts, minds, and markets -- Margins and profits -- Product and portfolio management -- Customer profitability-- Sales force and channel management -- Pricing strategy -- Promotion -- Advertising media and Web metrics -- Marketing and finance -- The marketing metrics x-ray.
650 #0 - SUBJECT ADDED ENTRY--TOPICAL TERM
Topical term or geographic name entry element Marketing research.
650 #0 - SUBJECT ADDED ENTRY--TOPICAL TERM
Topical term or geographic name entry element Business
9 (RLIN) 323
650 #0 - SUBJECT ADDED ENTRY--TOPICAL TERM
Topical term or geographic name entry element Marketing
General subdivision Mathematical models.
653 ## - INDEX TERM--UNCONTROLLED
Uncontrolled term ბიზნესი
653 ## - INDEX TERM--UNCONTROLLED
Uncontrolled term მარკეტინგი
700 1# - ADDED ENTRY--PERSONAL NAME
Personal name Farris, Paul W.
700 ## - ADDED ENTRY--PERSONAL NAME
Personal name Bendle, T. Neil
9 (RLIN) 506
700 ## - ADDED ENTRY--PERSONAL NAME
Personal name Pfeifer, E. Phillip
9 (RLIN) 507
700 ## - ADDED ENTRY--PERSONAL NAME
Personal name Reibstein, J. David
9 (RLIN) 508
856 41 - ELECTRONIC LOCATION AND ACCESS
Materials specified Table of contents only
Uniform Resource Identifier <a href="http://www.loc.gov/catdir/toc/ecip062/2005031114.html">http://www.loc.gov/catdir/toc/ecip062/2005031114.html</a>
906 ## - LOCAL DATA ELEMENT F, LDF (RLIN)
a 7
b cbc
c orignew
d 1
e ecip
f 20
g y-gencatlg
942 ## - ADDED ENTRY ELEMENTS (KOHA)
Source of classification or shelving scheme
Koha item type Books
Holdings
Withdrawn status Lost status Source of classification or shelving scheme Damaged status Not for loan Permanent location Current location Date acquired Inventory number Total Checkouts Full call number Barcode Date last seen Price effective from Koha item type
          Ken Walker International University Ken Walker International University 12/16/2020 399   65 M-29 399 12/16/2020 12/16/2020 Books

Powered by Koha